El Territori dels geòmetres : cartografia parcel·lària dels municipis de la província de Barcelona (1845-1895) / cartografia parcel·lària dels municipis de la província de Barcelona (1845-1895) /

por Nadal, Francesc, 1958-

ISBN: 8498031192
Publicado: Barcelona : Diputació de Barcelona, Xarxa de Municipis , 2006
Descripción Física: 255 pàgines : il·lustracions, mapes ; 29 cm

MARC

LEADER 00000nam a2200000Ia 4500
001 17840
008 160829s2006 xx 000 0 cat d
017 |a DL B 7188-2006 
020 |a 8498031192 
080 |a H-2-338 
100 |a Nadal, Francesc,  |d 1958-  |9 45983  |e autor 
245 1 3 |a El Territori dels geòmetres :  |b cartografia parcel·lària dels municipis de la província de Barcelona (1845-1895) /  |c Francesc Nadal, Luis Urteaga, José Ignacio Muro 
260 |a Barcelona :  |b Diputació de Barcelona, Xarxa de Municipis,  |c maig de 2006 
300 |a 255 pàgines :  |b il·lustracions, mapes ;  |c 29 cm 
590 |a Bibliografia.  
590 |a Inclou el catàleg cartogràfic municipal i les nòmines de geòmetres.  
590 |a Hi ha un duplicat a: DUP-328 
650 0 |a Cartografia  |z Barcelona (Província)  |x Història  |y 1845-1895  |9 49163 
650 |a Agrimensura  |x Barcelona (Província)  |9 49164 
650 0 |a Parcel·lació del sòl  |x Història  |z Barcelona (Província) 
650 0 |a Cadastres  |9 53976  |z Barcelona (Província)  |v Bibliografia 
651 0 |9 53975  |a Barcelona (Catalunya : Província)  |v Mapes 
700 |a Urteaga, Luis   |9 49165  |e autor 
700 |a Muro Morales, José Ignacio   |9 49166  |e autor 
710 1 |a Barcelona (Catalunya : Província).  |b Diputació  |9 52408 
901 |a Arxiu 
942 |n 1  |2 udc  |c ARXIU 
952 |0 0  |1 0  |4 0  |6 H2338  |7 1  |9 55129  |a Arxiu  |b Arxiu  |d 2016-12-01  |l 0  |o H-2-338  |p 17840  |r 2016-12-01 00:00:00  |w 2016-12-01  |y ARXIU 
952 |0 0  |1 0  |4 0  |6 PDL  |7 1  |9 63478  |a Arxiu  |b Arxiu  |d 2022-08-17  |l 0  |o PDL  |p 26488  |r 2022-08-17 00:00:00  |w 2022-08-17  |y ARXIU 
999 |c 59001  |d 59001